Statistics for how well do you know the Netherlands

Click here to take the quiz!

General Stats

  • This quiz has been taken 18 times
  • The average score is 11 of 14

Answer Stats

QuestionAnswer% Correct
Most important color of the Netherlands ( color of the national soccer team)orange
100%
What did Vincent van Gogh cut off?an ear
94%
What is the name of the mother of the current king Willem Alexander?Beatrix
94%
which megacity has dutch origines?New York
94%
What is the name of Rembrandt's most famous paintingNightwatch
94%
In which city is the dutch parliament?the Hague
94%
Which city was heavily bombarded by Germany to end Dutch resistance to the German invasionRotterdam
88%
From which country is the current queen Maxima originally?Argentina
82%
What is now the IJssellake (Ijsselmeer) used to be a sea. What was the name of that sea?Zuiderzee
82%
How many provinces are there in the Netherlands?12
71%
In which year was there a big flooding in the south-west of the country ( de watersnoodramp)1953
65%
In which dutch village did the German Kaiser Wilhelm settle after he fled from Germany?Doorn
59%
What is the name of the political party led by Thierry BaudetForum voor Democratie
53%
Which Dutch actor had a role in Blade Runner with Harrison FordRutger Hauer
53%

Score Distribution

Percentile by Number Answered

Percent of People with Each Score

Your Score History

You have not taken this quiz